00970nam a2200181 i 45000010005000000030009000050050017000140080039000310400021000700800010000911000138001012450130002392600071003695000021004405200289004616500021007506500017007716479KOSZ 00520180414113651.0151118s2012 pl a f f |000 0 pol cBPKdKOSZ 005/HR a621.31 aSMYCZEK, Jerzy.d1996 - 2014.bPolitechnika Koszalińska - Wydział Mechaniczny,cKatedra Zastosowań Elektroniki i Elektrotechniki10aPodstawy elektrotechniki i elektroniki dla nieelektryków :blaboratorium.nT. 2 /cpraca zbiorowa pod red. Jerzego Smyczka. aKoszalin :bWydaw. Uczelniane Politechniki Koszalińskiej,c2012. aDane z autopsji. aSkrypt przeznaczony jest dla studentów wydziałów nieelektrycznych wyższych szkół technicznych. Zawiera materiał z zakresu układów elektronicznych oraz niektórych zastosowań elektroniki i elektrotechniki przydatnych na poszczególnych kierunkach i specjalnościach. 0aElektrotechnika. 0aElektronika.